Laddar...

ISLAMIC ACCOUNTING

Bibliografiska uppgifter
Huvudupphovsman: MOHAMMAD TAHIR
Materialtyp: Printed Book
Publicerad: NEW DELHI RANDOM PUBLICATIONS 2016
Upplaga:1
LEADER 00482nam a22001457a 4500
020 |a 978-938-222-109-8 
082 |a 297.273 MOH/IS 
100 |a MOHAMMAD TAHIR 
245 |a ISLAMIC ACCOUNTING 
250 |a 1 
260 |a NEW DELHI  |b RANDOM PUBLICATIONS  |c 2016 
300 |a 296 
942 |2 ddc  |c REF 
999 |c 177901  |d 177901 
952 |0 0  |1 0  |2 ddc  |4 0  |6 297_273000000000000_MOH_IS  |7 0  |8 REF  |9 182844  |a KAUCBV  |b KAUCBV  |c CHILD  |d 2017-09-14  |g 1495.00  |o 297.273 MOH/IS  |p KAU_CCBM-17621  |r 2017-09-14  |w 2017-09-14  |y REF